000 00659cam a22002293a 4500
001 18204
003 PGUSA
005 20140828083404.0
008 060418s2006||||xxu|||||s|||||000 | eng d
040 _aPGUSA
_beng
042 _adc
050 4 _aHE
100 1 _aNankivell, Edward J.
_q(Edward James),
_d1848-1909
245 1 0 _aStamp Collecting as a Pastime
_h[electronic resource] /
_cEdward J. Nankivell
260 _bProject Gutenberg,
_c2006
506 _aPublic domain in the USA.
516 _aElectronic text
653 _aStamp collecting
830 0 _aProject Gutenberg
_v18204
856 4 0 _uhttp://www.gutenberg.org/ebooks/18204
942 _cEB
999 _c247459
_d247459